Grado de conocimiento, actitudes y creencias sobre el VIH/SIDA en estudiantes que cursan el Primer Semestre en la Sede Central de la Universidad Autónoma de Santo Domingo (Record no. 815)

MARC details
000 -LEADER
campo de control de longitud fija 02621nam a2200565Ia 4500
001 - NÚMERO DE CONTROL
campo de control 893
008 - DATOS DE LONGITUD FIJA--INFORMACIÓN GENERAL
campo de control de longitud fija 241029s9999 xx 000 0 und d
010 ## - NÚMERO DE CONTROL DE LA BIBLIOTECA DEL CONGRESO
Número de control de LC 815
041 ## - CÓDIGO DE IDIOMA
Código de lengua del texto/banda sonora o título independiente Español
082 ## - NÚMERO DE LA CLASIFICACIÓN DECIMAL DEWEY
Número de clasificación EP.MA. 2011 62
245 #0 - MENCIÓN DEL TÍTULO
Título Grado de conocimiento, actitudes y creencias sobre el VIH/SIDA en estudiantes que cursan el Primer Semestre en la Sede Central de la Universidad Autónoma de Santo Domingo
260 ## - PUBLICACIÓN, DISTRIBUCIÓN, ETC.
Lugar de publicación, distribución, etc. Santo Domingo
300 ## - DESCRIPCIÓN FÍSICA
Extensión 60
520 ## - RESUMEN, ETC.
Sumario, etc. 37
520 ## - RESUMEN, ETC.
Sumario, etc. El propósito principal de este estudio fue determinar el grado de conocimiento, actitudes y creencias que mantienen los estudiantes de nuevo ingreso con relación al VIH/SIDA. El trabajo se baso en un estudio exploratorio y transversal y se utilizó una aplicación colectiva de un cuestionario. Se trabajó con una población de 173 estudiantes.El estudio revelo que el conocimiento general de los estudiantes encuestados sobre el SIDA tuvo una tendencia a la baja, debido a que poseen mitos en cuanto a la forma de contagio de la enfermedad y no reconocen la diferencia entre VIH y SIDA.Los investigadores propusieron que la educación sexual debe ser un proceso continuo y el programa del mismo debe incluir un enfoque especifico, acerca de las características generales de la población a la que va dirigida y que la facultad de Ciencias de la Educación debe implementar un programa de educación sexual en todos los planes de estudio que tiene su oferta curricular.
630 ## - PUNTO DE ACCESO ADICIONAL DE MATERIA--TÍTULO UNIFORME
Título uniforme Actitud de los Estudiantes
630 ## - PUNTO DE ACCESO ADICIONAL DE MATERIA--TÍTULO UNIFORME
Título uniforme Actitudes
630 ## - PUNTO DE ACCESO ADICIONAL DE MATERIA--TÍTULO UNIFORME
Título uniforme Comportamiento Sexual
630 ## - PUNTO DE ACCESO ADICIONAL DE MATERIA--TÍTULO UNIFORME
Título uniforme Conocimientos previos
650 ## - PUNTO DE ACCESO ADICIONAL DE MATERIA--TÉRMINO DE MATERIA
Término de materia o nombre geográfico como elemento de entrada Formación Docente
690 ## - PUNTO DE ACCESO ADICIONAL DE MATERIA LOCAL--TÉRMINO DE MATERIA (OCLC, RLIN)
Término de materia o nombre geográfico como elemento inicial Elaborado
700 ## - ENTRADA AGREGADA--NOMBRE PERSONAL
Término indicativo de función/relación asesor
Nombre de persona Contreras Nùñez, Ana Dolores
700 ## - ENTRADA AGREGADA--NOMBRE PERSONAL
Término indicativo de función/relación autor
Nombre de persona Arias Caraballo, Jeannette
700 ## - ENTRADA AGREGADA--NOMBRE PERSONAL
Término indicativo de función/relación autor
Nombre de persona Santiago Quevedo , Carlos María
901 ## - ELEMENTOS DE DATOS A LOCAL LDA (RLIN)
a {"1":"Arias Caraballo","2":"Santiago Quevedo "}
b {"1":"Jeannette ","2":"Carlos María"}
902 ## - ELEMENTOS DE DATOS B LOCAL, LDB (RLIN)
a 1
903 ## - ELEMENTOS DE DATOS C LOCAL, LDC (RLIN)
a {"1":"Contreras Nùñez"}
b {"1":"Ana Dolores"}
904 ## - ELEMENTOS DE DATOS D LOCAL, LDD (RLIN)
a Maestría en
905 ## - ELEMENTOS DE DATOS E LOCAL, LDE (RLIN)
a Formación de Formadores para el Cambio Socioeducativo
906 ## - ELEMENTOS DE DATOS F LOCAL, LDF (RLIN)
a 2
907 ## - ELEMENTOS DE DATOS G LOCAL, LDG (RLIN)
a NO APLICA
908 ## - COLOCAR PARÁMETRO DE COMANDO (RLIN)
Colocar parámetro de comando NO APLICA
909 ## -
-- Universidad Autónoma de Santo Domingo (UASD)
910 ## - DATOS DE OPCIÓN DEL USUARIO (OCLC)
Datos de opción del usuario NULL
-- NULL
911 ## - EQUIVALENCIA O REFERENCIA-CRUZADA-NOMBRE DE CONFERENCIA O REUNIÓN/CONGRESO [LOCAL, CANADÁ]
Nombre de congreso/reunión o jurisdicción como elemento de entrada ["1"]
912 ## -
-- NO APLICA
913 ## -
-- NULL
914 ## -
-- 01 de Junio de 2011
915 ## -
-- 18/07/15 05:07
916 ## -
-- NULL
917 ## -
-- NULL
918 ## -
-- NO APLICA
919 ## -
-- ["5","6","41","234"]
921 ## -
-- 2
922 ## -
-- 2
923 ## -
-- 0
924 ## -
-- NO APLICA
942 ## - ELEMENTOS DE ENTRADA SECUNDARIOS (KOHA)
Tipo de ítem Koha

No items available.

© 2024. Todos los Derechos Reservados. Desarrollado por IDEICE